[Event "Oberliga Ost A 2016 2017"]
[Site "Germany"]
[Date "2016.11.19"]
[Round "2.8"]
[White "Poenisch, Johannes"]
[Black "Kalkhof, Stefan"]
[Result "1/2-1/2"]
[WhiteElo "1988"]
[BlackElo "2195"]
[PlyCount "52"]
[EventDate "2016.10.16"]
[EventType "team-tourn"]
[EventCountry "GER"]
[WhiteTeam "Coswig TuS"]
[BlackTeam "Loeberitz SG"]
[WhiteTeamCountry "GER"]
[BlackTeamCountry "GER"]

1. e4 e5 2. Nf3 Nc6 3. d4 exd4 4. Nxd4 Nxd4 5. Qxd4 Qf6 6. Be3 Qxd4 7. Bxd4 Ne7
8. Bc4 Nc6 9. Bc3 Bc5 10. Nd2 O-O 11. f3 a6 12. Nb3 Bb4 13. Bxb4 Nxb4 14. Nd4
b5 15. Be2 Bb7 16. a3 Nc6 17. O-O-O d6 18. c4 Nxd4 19. Rxd4 Bc6 20. Kd2 Rfb8
21. b3 bxc4 22. Bxc4 Bb5 23. Rc1 Bxc4 24. Rcxc4 Rxb3 25. Rxc7 Rxa3 26. Rxd6
Ra2+ 1/2-1/2

[Event "Oberliga Ost A 2016 2017"]
[Site "Germany"]
[Date "2016.11.19"]
[Round "2.1"]
[White "Madl, Ildiko"]
[Black "Zwahr, Paul"]
[Result "1/2-1/2"]
[WhiteElo "2321"]
[BlackElo "2318"]
[PlyCount "38"]
[EventDate "2016.10.16"]
[EventType "team-tourn"]
[EventCountry "GER"]
[WhiteTeam "Halle USV"]
[BlackTeam "Dresden SG Gruen Weiss"]
[WhiteTeamCountry "GER"]
[BlackTeamCountry "GER"]

1. e4 e5 2. Nf3 Nc6 3. Bb5 Nf6 4. O-O Nxe4 5. d4 Nd6 6. Bxc6 dxc6 7. dxe5 Nf5
8. Qxd8+ Kxd8 9. h3 Ke8 10. Nc3 h5 11. Bf4 Be7 12. Rad1 Be6 13. Ng5 Rh6 14. g3
Bxg5 15. Bxg5 Rg6 16. Bf4 Nh4 17. Kh2 Nf3+ 18. Kg2 Nh4+ 19. Kh2 Nf3+ 1/2-1/2

[Event "Oberliga Ost A 2016 2017"]
[Site "Germany"]
[Date "2016.11.19"]
[Round "2.2"]
[White "Siedentopf, Daniel"]
[Black "Hoepfl, Thomas"]
[Result "1-0"]
[WhiteElo "2292"]
[BlackElo "2288"]
[PlyCount "91"]
[EventDate "2016.10.16"]
[EventType "team-tourn"]
[EventCountry "GER"]
[WhiteTeam "Dresden SG Gruen Weiss"]
[BlackTeam "Halle USV"]
[WhiteTeamCountry "GER"]
[BlackTeamCountry "GER"]

1. d4 Nf6 2. c4 g6 3. Nc3 Bg7 4. e4 d6 5. Nf3 O-O 6. h3 e5 7. d5 a5 8. Bg5 Na6
9. Be2 Qe8 10. Nd2 Nd7 11. a3 f6 12. Bh4 Nb6 13. b3 Bd7 14. f3 Bh6 15. Bf2 Nc5
16. Rb1 Qe7 17. Qc2 f5 18. b4 axb4 19. axb4 Nca4 20. Nd1 fxe4 21. Nxe4 c6 22.
dxc6 Bxc6 23. O-O Nd7 24. Ne3 Bxe4 25. Qxe4 Nc3 26. Nd5 Nxe4 27. Nxe7+ Kf7 28.
fxe4 Kxe7 29. c5 dxc5 30. bxc5 Rab8 31. Rb5 Kd8 32. Rfb1 Kc7 33. Bc4 Nf6 34.
Bd5 Nxd5 35. exd5 e4 36. R5b4 Rf7 37. Rxe4 Rbf8 38. Bg3+ Kc8 39. Bd6 Rd8 40.
Ra4 Rxd6 41. cxd6 Be3+ 42. Kh1 Rf5 43. Ra8+ Kd7 44. Rxb7+ Kxd6 45. Rd8+ Ke5 46.
Rb1 1-0

[Event "Oberliga Ost A 2016 2017"]
[Site "Germany"]
[Date "2016.11.19"]
[Round "2.3"]
[White "Hartge, Gedeon"]
[Black "Rudolf, Sebastian"]
[Result "0-1"]
[WhiteElo "2089"]
[BlackElo "2270"]
[PlyCount "50"]
[EventDate "2016.10.16"]
[EventType "team-tourn"]
[EventCountry "GER"]
[WhiteTeam "Halle USV"]
[BlackTeam "Dresden SG Gruen Weiss"]
[WhiteTeamCountry "GER"]
[BlackTeamCountry "GER"]

1. d4 Nf6 2. c4 c5 3. d5 b5 4. cxb5 a6 5. f3 e6 6. e4 c4 7. Bxc4 axb5 8. Bxb5
Qb6 9. Nc3 Bc5 10. Nge2 O-O 11. Kf1 exd5 12. exd5 d6 13. Bg5 Nbd7 14. a4 h6 15.
Bh4 g5 16. Bg3 Ne5 17. Bxe5 dxe5 18. Qd3 Rd8 19. Rd1 e4 20. fxe4 Ng4 21. Qf3
Nf2 22. e5 Bg4 23. Qg3 Nxh1 24. Qxg4 Nf2 25. Qf5 Nxd1 0-1

[Event "Oberliga Ost A 2016 2017"]
[Site "Germany"]
[Date "2016.11.19"]
[Round "2.4"]
[White "Gehmlich, Marcel"]
[Black "Luther, Juergen"]
[Result "1/2-1/2"]
[WhiteElo "2194"]
[BlackElo "2156"]
[PlyCount "40"]
[EventDate "2016.10.16"]
[EventType "team-tourn"]
[EventCountry "GER"]
[WhiteTeam "Dresden SG Gruen Weiss"]
[BlackTeam "Halle USV"]
[WhiteTeamCountry "GER"]
[BlackTeamCountry "GER"]

1. c4 e6 2. Nf3 b6 3. g3 Bb7 4. Bg2 f5 5. Nc3 Bb4 6. Qc2 Nf6 7. O-O O-O 8. d3
Bxc3 9. Qxc3 Qe7 10. b4 d6 11. Bb2 Nbd7 12. e4 fxe4 13. Ng5 c5 14. Nxe4 Nxe4
15. Bxe4 Bxe4 16. dxe4 cxb4 17. Qxb4 Nc5 18. f3 Nd3 19. Qc3 Nxb2 20. Qxb2 Rac8
1/2-1/2

[Event "Oberliga Ost A 2016 2017"]
[Site "Germany"]
[Date "2016.11.19"]
[Round "2.5"]
[White "Altstadt, Karl Simon"]
[Black "Zimmermann, Rene"]
[Result "1/2-1/2"]
[WhiteElo "2002"]
[BlackElo "2140"]
[PlyCount "120"]
[EventDate "2016.10.16"]
[EventType "team-tourn"]
[EventCountry "GER"]
[WhiteTeam "Halle USV"]
[BlackTeam "Dresden SG Gruen Weiss"]
[WhiteTeamCountry "GER"]
[BlackTeamCountry "GER"]

1. e4 e6 2. d4 d5 3. Nc3 Bb4 4. exd5 exd5 5. Bd3 Nc6 6. a3 Be7 7. Bf4 Be6 8.
Nf3 Nf6 9. O-O O-O 10. Ne2 Bg4 11. Ne5 Nxe5 12. Bxe5 Qd7 13. f3 Bf5 14. Ng3
Bxd3 15. Qxd3 g6 16. Rae1 Ne8 17. Nh1 f6 18. Bf4 Bd6 19. Bh6 Ng7 20. Nf2 Rfe8
21. Ng4 Nh5 22. Qd2 c6 23. Qf2 Rxe1 24. Rxe1 Re8 25. Bd2 Re6 26. Qh4 Rxe1+ 27.
Qxe1 Kf7 28. Nh6+ Kf8 29. Ng4 Qf5 30. Bb4 Qf4 31. Bxd6+ Qxd6 32. Qe3 Ng7 33.
Qh6 Kg8 34. Qe3 Nf5 35. Nh6+ Nxh6 36. Qxh6 g5 37. Qh3 Qc7 38. Qe6+ Kg7 39. c3
h5 40. g3 Qf7 41. Qe3 Qd7 42. Kf2 Kh6 43. Kg2 Kg6 44. h3 a5 45. b4 axb4 46.
axb4 Kh6 47. h4 Qf5 48. hxg5+ fxg5 49. Qe8 Qf6 50. Qd7 Qg6 51. Qe7 Qg7 52. Qe6+
Kh7 53. Qf5+ Qg6 54. Qd7+ Kh6 55. Qe7 Qc2+ 56. Kg1 Qf5 57. Qd6+ Kg7 58. Qe7+
Kg6 59. Qe8+ Qf7 60. Qe3 Qf5 1/2-1/2

[Event "Oberliga Ost A 2016 2017"]
[Site "Germany"]
[Date "2016.11.19"]
[Round "2.6"]
[White "Nake, Matthias"]
[Black "Liebert, Heinz"]
[Result "1/2-1/2"]
[WhiteElo "2217"]
[BlackElo "2184"]
[PlyCount "47"]
[EventDate "2016.10.16"]
[EventType "team-tourn"]
[EventCountry "GER"]
[WhiteTeam "Dresden SG Gruen Weiss"]
[BlackTeam "Halle USV"]
[WhiteTeamCountry "GER"]
[BlackTeamCountry "GER"]

1. e4 c5 2. Nc3 Nc6 3. g3 g6 4. Bg2 Bg7 5. d3 d6 6. f4 e5 7. Nge2 Nge7 8. O-O
O-O 9. Be3 Nd4 10. Qd2 Be6 11. Nd1 d5 12. fxe5 Nxe2+ 13. Qxe2 d4 14. Bg5 Bxe5
15. Nf2 Qd7 16. Bxe7 Qxe7 17. Bh3 Rae8 18. Bxe6 Qxe6 19. b3 Bg7 20. Qf3 h5 21.
Kg2 Bh6 22. Rae1 b6 23. g4 hxg4 24. Nxg4 1/2-1/2

[Event "Oberliga Ost A 2016 2017"]
[Site "Germany"]
[Date "2016.11.19"]
[Round "2.7"]
[White "Groeger, Stefan"]
[Black "Hutsch, Oliver"]
[Result "1-0"]
[WhiteElo "2166"]
[BlackElo "2119"]
[PlyCount "49"]
[EventDate "2016.10.16"]
[EventType "team-tourn"]
[EventCountry "GER"]
[WhiteTeam "Halle USV"]
[BlackTeam "Dresden SG Gruen Weiss"]
[WhiteTeamCountry "GER"]
[BlackTeamCountry "GER"]

1. d4 Nf6 2. Nf3 e6 3. c4 b6 4. g3 Bb7 5. Bg2 Be7 6. O-O O-O 7. Nc3 Ne4 8. Bd2
d5 9. Qc2 f5 10. cxd5 exd5 11. Bf4 Nd7 12. Nb5 a6 13. Qxc7 Qxc7 14. Nxc7 Rac8
15. Rac1 g5 16. Ne5 Ndc5 17. dxc5 gxf4 18. cxb6 fxg3 19. hxg3 Bg5 20. e3 Bh6
21. Nc6 Rf7 22. Na5 Nxg3 23. Nxb7 Ne2+ 24. Kh1 Nxc1 25. Bxd5 1-0

[Event "Oberliga Ost A 2016 2017"]
[Site "Germany"]
[Date "2016.11.19"]
[Round "2.8"]
[White "Kunze, Christopher"]
[Black "Hentzgen, Thomas"]
[Result "1-0"]
[WhiteElo "2085"]
[BlackElo "2061"]
[PlyCount "53"]
[EventDate "2016.10.16"]
[EventType "team-tourn"]
[EventCountry "GER"]
[WhiteTeam "Dresden SG Gruen Weiss"]
[BlackTeam "Halle USV"]
[WhiteTeamCountry "GER"]
[BlackTeamCountry "GER"]

1. e4 c5 2. Nc3 a6 3. g3 b5 4. Bg2 Bb7 5. d3 e6 6. Nh3 d6 7. O-O b4 8. Ne2 Nc6
9. d4 cxd4 10. Nxd4 Qc7 11. Re1 Nge7 12. Nb3 Ng6 13. f4 Be7 14. f5 exf5 15.
exf5 Nge5 16. Nf4 O-O 17. Nd5 Qd8 18. Be3 Rc8 19. Nd2 Bg5 20. Bb6 Qd7 21. Ne4
Bd8 22. f6 Nc4 23. fxg7 Kxg7 24. Bxd8 Rcxd8 25. Nef6 Qc8 26. Qd3 Rh8 27. Qxc4
1-0

[Event "Oberliga Ost A 2016 2017"]
[Site "Germany"]
[Date "2016.11.19"]
[Round "2.1"]
[White "Vogel, Roven"]
[Black "Langrock, Hannes"]
[Result "0-1"]
[WhiteElo "2426"]
[BlackElo "2405"]
[PlyCount "66"]
[EventDate "2016.10.16"]
[EventType "team-tourn"]
[EventCountry "GER"]
[WhiteTeam "Dresden USV TU II"]
[BlackTeam "Leipzig SG"]
[WhiteTeamCountry "GER"]
[BlackTeamCountry "GER"]

1. d4 e6 2. Nf3 d5 3. c4 Nf6 4. Nc3 dxc4 5. e4 Bb4 6. Bxc4 Nxe4 7. O-O Nxc3 8.
bxc3 Be7 9. Ne5 O-O 10. Qg4 Nc6 11. Re1 f5 12. Qf3 Nxe5 13. Rxe5 Kh8 14. Bf4 g5
15. Bd2 Bd6 16. Rae1 Bxe5 17. Rxe5 Bd7 18. h4 gxh4 19. Bf4 Rg8 20. Bxe6 Bxe6
21. Rxe6 Rg6 22. Qe2 Qd7 23. Re7 Qc6 24. f3 Kg8 25. Rxc7 Re8 26. Qf2 Qb5 27.
Be5 h3 28. g3 h2+ 29. Qxh2 Qb1+ 30. Kg2 Qc2+ 31. Kh1 Qc1+ 32. Qg1 Rh6+ 33. Kg2
Qd2+ 0-1

[Event "Oberliga Ost A 2016 2017"]
[Site "Germany"]
[Date "2016.11.19"]
[Round "2.2"]
[White "Richter, Leonard"]
[Black "Moehn, Hans"]
[Result "1/2-1/2"]
[WhiteElo "2282"]
[BlackElo "2413"]
[PlyCount "61"]
[EventDate "2016.10.16"]
[EventType "team-tourn"]
[EventCountry "GER"]
[WhiteTeam "Leipzig SG"]
[BlackTeam "Dresden USV TU II"]
[WhiteTeamCountry "GER"]
[BlackTeamCountry "GER"]

1. e4 c6 2. c4 e5 3. Nf3 d6 4. d4 Nd7 5. Nc3 Ngf6 6. Be2 g6 7. O-O Bg7 8. dxe5
dxe5 9. Qd6 Bf8 10. Qd3 Be7 11. Bh6 Ng4 12. Qd2 Nxh6 13. Qxh6 Bf8 14. Qd2 Qe7
15. Rab1 Bg7 16. b4 O-O 17. Rfd1 Re8 18. c5 Nf8 19. Qd6 Ne6 20. Bc4 Nd4 21.
Qxe7 Rxe7 22. Ne2 Nxf3+ 23. gxf3 Kf8 24. Nc3 Ke8 25. b5 Rc7 26. bxc6 bxc6 27.
Nd5 Rd7 28. Nb4 Rc7 29. Nd5 Rd7 30. Nb4 Rc7 31. Nd5 1/2-1/2

[Event "Oberliga Ost A 2016 2017"]
[Site "Germany"]
[Date "2016.11.19"]
[Round "2.3"]
[White "Wegener, Dirk"]
[Black "Schubert, Thomas"]
[Result "1-0"]
[WhiteElo "2349"]
[BlackElo "2362"]
[PlyCount "87"]
[EventDate "2016.10.16"]
[EventType "team-tourn"]
[EventCountry "GER"]
[WhiteTeam "Dresden USV TU II"]
[BlackTeam "Leipzig SG"]
[WhiteTeamCountry "GER"]
[BlackTeamCountry "GER"]

1. e4 c6 2. d4 d5 3. Nd2 dxe4 4. Nxe4 Nf6 5. Nxf6+ exf6 6. c3 Bd6 7. Bd3 O-O 8.
Qc2 Kh8 9. Ne2 Qc7 10. Be3 Be6 11. h4 b5 12. Bxh7 Nd7 13. Bd3 Rfe8 14. O-O-O
Nb6 15. Kb1 Nc4 16. Bc1 Bd5 17. b3 Qe7 18. Ng3 Bxg3 19. fxg3 Nd6 20. Ba3 Qe6
21. Bxd6 Qxd6 22. Qf2 Be4 23. Rhe1 Qd5 24. Re2 f5 25. Bxe4 fxe4 26. Rf1 Re7 27.
Qf5 Rd8 28. Qg4 Kg8 29. Rf5 Qe6 30. Qf4 Rd5 31. Rxd5 Qxd5 32. g4 a5 33. Qf5 Re6
34. Kc2 a4 35. Qxd5 cxd5 36. bxa4 bxa4 37. c4 dxc4 38. Kc3 e3 39. Kxc4 Re4 40.
g3 Rxg4 41. Rxe3 Kf8 42. Kc5 f5 43. d5 Re4 44. Rxe4 1-0

[Event "Oberliga Ost A 2016 2017"]
[Site "Germany"]
[Date "2016.11.19"]
[Round "2.4"]
[White "Runau, Ralf"]
[Black "Osmanodja, Filiz"]
[Result "0-1"]
[WhiteElo "2340"]
[BlackElo "2296"]
[PlyCount "136"]
[EventDate "2016.10.16"]
[EventType "team-tourn"]
[EventCountry "GER"]
[WhiteTeam "Leipzig SG"]
[BlackTeam "Dresden USV TU II"]
[WhiteTeamCountry "GER"]
[BlackTeamCountry "GER"]

1. c4 e6 2. Nc3 Nf6 3. Nf3 d5 4. d4 Be7 5. Bg5 h6 6. Bxf6 Bxf6 7. cxd5 exd5 8.
e3 O-O 9. Bd3 c6 10. h3 a5 11. Na4 Na6 12. Rc1 Ra7 13. O-O Nc7 14. a3 Ne8 15.
Qc2 Be7 16. Ne5 Nd6 17. Nc5 Bf6 18. f4 Qe8 19. g4 Bd8 20. Rce1 b6 21. Na4 Nc4
22. e4 Nxe5 23. dxe5 d4 24. Rc1 c5 25. b3 g5 26. fxg5 hxg5 27. Rf3 Qxe5 28.
Rcf1 f6 29. Nb2 Bc7 30. Nc4 Qe7 31. a4 Rb7 32. e5 Bxe5 33. Be4 Rc7 34. Nxb6 Bb7
35. Nd5 Bxd5 36. Bxd5+ Kg7 37. Qf5 Rh8 38. Re1 Qd6 39. Bc4 Re7 40. Kg2 Qc6 41.
Qe4 Qxe4 42. Rxe4 Rhe8 43. Rf5 Rd8 44. Rf3 Rde8 45. Rf5 Rd8 46. Rf3 Rdd7 47.
Bd3 Rb7 48. Bc4 Rb4 49. Bb5 Rb7 50. h4 Bf4 51. hxg5 fxg5 52. Rd3 Kf6 53. Re8
Rh7 54. Rc8 Rh4 55. Rxc5 Rxg4+ 56. Kf1 Be3 57. Bd7 Rg1+ 58. Ke2 Rb7 59. Rc6+
Kg7 60. Be6 g4 61. Rd1 Rxd1 62. Kxd1 g3 63. Bf5 Bf2 64. Be4 Rxb3 65. Rc5 Be3
66. Rxa5 d3 67. Rb5 Rc3 68. Bxd3 g2 0-1

[Event "Oberliga Ost A 2016 2017"]
[Site "Germany"]
[Date "2016.11.19"]
[Round "2.5"]
[White "Gungl, Theo"]
[Black "Rausch, Stephan"]
[Result "1/2-1/2"]
[WhiteElo "2326"]
[BlackElo "2277"]
[PlyCount "111"]
[EventDate "2016.10.16"]
[EventType "team-tourn"]
[EventCountry "GER"]
[WhiteTeam "Dresden USV TU II"]
[BlackTeam "Leipzig SG"]
[WhiteTeamCountry "GER"]
[BlackTeamCountry "GER"]

1. e4 e6 2. d4 d5 3. Nd2 Nf6 4. e5 Nfd7 5. Bd3 c5 6. c3 Nc6 7. Ne2 cxd4 8. cxd4
Qb6 9. Nf3 f6 10. exf6 Nxf6 11. O-O Bd6 12. b3 e5 13. dxe5 Nxe5 14. Nxe5 Bxe5
15. Rb1 O-O 16. Bf4 Re8 17. h3 Bd7 18. Qd2 Qd6 19. Rbd1 Bc6 20. Bg5 Qf8 21. Be3
Ne4 22. Qc2 Qb4 23. Bxe4 Qxe4 24. Qxe4 dxe4 25. Nd4 Bxd4 26. Rxd4 Rad8 27. Rfd1
Rxd4 28. Rxd4 a6 29. Kf1 Re7 30. Ke2 Rd7 31. g3 Kf7 32. Kd2 Rxd4+ 33. Bxd4 g6
34. h4 Ke6 35. Ke3 h5 36. Kf4 Bd5 37. Kg5 Kf7 38. Bb6 Bc6 39. Ba7 Bd5 40. Kf4
Ke6 41. Ke3 Bc6 42. Kd4 Bd5 43. Bb8 Bc6 44. Bf4 Bd5 45. Kc5 Bc6 46. a4 Kd7 47.
Kb6 Kc8 48. Ka5 Kd7 49. b4 Ke6 50. b5 axb5 51. axb5 Bd5 52. Kb6 Bc4 53. Kc5 Be2
54. b6 Bd3 55. Kd4 Bc2 56. Bc7 1/2-1/2

[Event "Oberliga Ost A 2016 2017"]
[Site "Germany"]
[Date "2016.11.19"]
[Round "2.7"]
[White "Clopes Llahi, Judit"]
[Black "Liedtke, Matthias"]
[Result "0-1"]
[WhiteElo "2121"]
[BlackElo "2261"]
[PlyCount "190"]
[EventDate "2016.10.16"]
[EventType "team-tourn"]
[EventCountry "GER"]
[WhiteTeam "Dresden USV TU II"]
[BlackTeam "Leipzig SG"]
[WhiteTeamCountry "GER"]
[BlackTeamCountry "GER"]

1. e4 e6 2. d4 d5 3. Nd2 Be7 4. Ngf3 Nf6 5. Bd3 c5 6. exd5 Qxd5 7. Bc4 Qh5 8.
O-O O-O 9. Nb3 Rd8 10. Qe2 Nbd7 11. dxc5 Nxc5 12. Nxc5 Bxc5 13. Bf4 b6 14. Ne5
Qxe2 15. Bxe2 Bb7 16. Rad1 Nd5 17. Bg3 f6 18. Nd3 Bf8 19. c4 Ne7 20. Nf4 Kf7
21. Rfe1 e5 22. Nd3 Nf5 23. Bf1 Rd4 24. f3 Nxg3 25. hxg3 Rad8 26. Be2 e4 27.
fxe4 Bxe4 28. Nf2 Bc2 29. Rxd4 Rxd4 30. Bf3 Bc5 31. Kf1 f5 32. b3 Kf6 33. Re2
Bb1 34. Rb2 Be4 35. Re2 Bd3 36. Nxd3 Rxd3 37. g4 Be3 38. gxf5 Kxf5 39. Rc2 Bc5
40. Ke2 Re3+ 41. Kd1 Kf4 42. Bd5 a5 43. Rf2+ Kg5 44. Rf7 Kg6 45. Rf3 Re7 46.
Kd2 h5 47. Rh3 Kg5 48. Rg3+ Kh6 49. Rf3 h4 50. Rf5 Bd4 51. Rf7 Re5 52. Kd3 Bc5
53. Be4 Rg5 54. Rf4 Rg3+ 55. Bf3 Kg5 56. Ke4 g6 57. Rf7 h3 58. gxh3 Rxh3 59.
Rf4 Bd6 60. Rg4+ Kf6 61. Rg2 Bc5 62. Rg4 g5 63. Rg2 Rh8 64. Bg4 Rd8 65. Kf3
Rd3+ 66. Ke2 Re3+ 67. Kd2 Re4 68. Kd3 Rd4+ 69. Ke2 Ke5 70. Bc8 Rd8 71. Bh3 Kf6
72. Bg4 Re8+ 73. Kd3 a4 74. Re2 Rd8+ 75. Kc3 Rd4 76. Bc8 Rf4 77. Rg2 Rf3+ 78.
Kc2 a3 79. Bg4 Rf1 80. Kc3 Rc1+ 81. Kd2 Rb1 82. Kc3 Ke5 83. Bf3 Kf4 84. Bg4 Rb2
85. Bh3 Bf2 86. Rg4+ Ke3 87. Kb4 Rxa2 88. Rxg5 Ra1 89. c5 Be1+ 90. Ka4 b5+ 91.
Kxb5 a2 92. Re5+ Kf3 93. c6 Rb1 94. Rxe1 Rxe1 95. c7 Rc1 0-1

[Event "Oberliga Ost A 2016 2017"]
[Site "Germany"]
[Date "2016.11.19"]
[Round "2.8"]
[White "Hoffmann, Hendrik"]
[Black "Oehl, Tim"]
[Result "1/2-1/2"]
[WhiteElo "2298"]
[BlackElo "2126"]
[PlyCount "65"]
[EventDate "2016.10.16"]
[EventType "team-tourn"]
[EventCountry "GER"]
[WhiteTeam "Leipzig SG"]
[BlackTeam "Dresden USV TU II"]
[WhiteTeamCountry "GER"]
[BlackTeamCountry "GER"]

1. e4 e6 2. d4 d5 3. Nd2 Nf6 4. e5 Nfd7 5. Bd3 c5 6. c3 Nc6 7. Ne2 cxd4 8. cxd4
f6 9. exf6 Nxf6 10. O-O Bd6 11. Nf3 Qc7 12. Bg5 O-O 13. Rc1 h6 14. Bh4 Nh5 15.
Bg6 Rxf3 16. Bxh5 Rf5 17. Bg6 Bxh2+ 18. Kh1 Bd6 19. Bxf5 exf5 20. Nc3 Qf7 21.
f4 g5 22. Bg3 Bd7 23. Re1 Ne7 24. Qf3 Rf8 25. Re2 g4 26. Qf2 Ng6 27. Rce1 Rc8
28. Re3 Kf8 29. Bh2 a6 30. g3 h5 31. Kg1 Bb8 32. Kh1 Bd6 33. Kg1 1/2-1/2

[Event "Oberliga Ost A 2016 2017"]
[Site "Germany"]
[Date "2016.11.19"]
[Round "2.1"]
[White "Lechtynsky, Jiri"]
[Black "Weitzer, Steffen"]
[Result "1/2-1/2"]
[WhiteElo "2354"]
[BlackElo "2224"]
[PlyCount "60"]
[EventDate "2016.10.16"]
[EventType "team-tourn"]
[EventCountry "GER"]
[WhiteTeam "Hoyerswerda FVS ASP"]
[BlackTeam "Leipzig SG II"]
[WhiteTeamCountry "GER"]
[BlackTeamCountry "GER"]

1. d4 Nf6 2. Nf3 g6 3. c4 e6 4. Nc3 Bg7 5. d5 d6 6. e4 b5 7. cxb5 a6 8. bxa6
O-O 9. Be2 Bxa6 10. Bxa6 Rxa6 11. O-O Nbd7 12. Re1 Nb6 13. Bg5 Qa8 14. Qc2 Qb7
15. Rad1 Rfa8 16. b3 Ng4 17. h3 Ne5 18. Nxe5 Bxe5 19. Be3 Bxc3 20. Qxc3 Rxa2
21. Bh6 f6 22. f4 R8a3 23. e5 Nxd5 24. Qf3 Rxb3 25. Qxd5 Qxd5 26. Rxd5 Rbb2 27.
exd6 Rxg2+ 28. Kh1 Rh2+ 29. Kg1 Rhg2+ 30. Kh1 Rh2+ 1/2-1/2

[Event "Oberliga Ost A 2016 2017"]
[Site "Germany"]
[Date "2016.11.19"]
[Round "2.2"]
[White "Hentze, Markus"]
[Black "Orsag, Milan"]
[Result "0-1"]
[WhiteElo "2173"]
[BlackElo "2332"]
[PlyCount "48"]
[EventDate "2016.10.16"]
[EventType "team-tourn"]
[EventCountry "GER"]
[WhiteTeam "Leipzig SG II"]
[BlackTeam "Hoyerswerda FVS ASP"]
[WhiteTeamCountry "GER"]
[BlackTeamCountry "GER"]

1. e4 c5 2. Nf3 e6 3. d4 cxd4 4. Nxd4 Nc6 5. Nc3 Qc7 6. Be3 Nf6 7. a3 a6 8. g4
h6 9. f3 Ne5 10. Nb3 b5 11. Be2 Nc4 12. Bxc4 bxc4 13. Nd2 Rb8 14. Qe2 Rxb2 15.
Nxc4 Rb8 16. e5 a5 17. exf6 Ba6 18. Bd4 Bxc4 19. Qe3 g6 20. Ne4 d5 21. Nd2 Bd6
22. Nxc4 Qxc4 23. Rd1 Qxc2 24. Rc1 Rb1 0-1

[Event "Oberliga Ost A 2016 2017"]
[Site "Germany"]
[Date "2016.11.19"]
[Round "2.3"]
[White "Jahnel, Guenther"]
[Black "Schoeneberg, Manfred"]
[Result "1/2-1/2"]
[WhiteElo "2270"]
[BlackElo "2245"]
[PlyCount "26"]
[EventDate "2016.10.16"]
[EventType "team-tourn"]
[EventCountry "GER"]
[WhiteTeam "Hoyerswerda FVS ASP"]
[BlackTeam "Leipzig SG II"]
[WhiteTeamCountry "GER"]
[BlackTeamCountry "GER"]

1. d4 Nf6 2. c4 d6 3. Nf3 Nbd7 4. Nc3 c6 5. e4 e5 6. Be2 Be7 7. O-O O-O 8. Re1
Re8 9. Bf1 a5 10. b3 h6 11. Bb2 exd4 12. Nxd4 Nc5 13. Rb1 Bf8 1/2-1/2

[Event "Oberliga Ost A 2016 2017"]
[Site "Germany"]
[Date "2016.11.19"]
[Round "2.4"]
[White "Schunk, Thomas"]
[Black "Hovsepyan, Vardan"]
[Result "0-1"]
[WhiteElo "2185"]
[BlackElo "2162"]
[PlyCount "80"]
[EventDate "2016.10.16"]
[EventType "team-tourn"]
[EventCountry "GER"]
[WhiteTeam "Leipzig SG II"]
[BlackTeam "Hoyerswerda FVS ASP"]
[WhiteTeamCountry "GER"]
[BlackTeamCountry "GER"]

1. c4 e6 2. g3 f5 3. Bg2 Nf6 4. Nf3 Be7 5. O-O O-O 6. d4 Ne4 7. Ne1 c5 8. d5
Nd6 9. Qc2 e5 10. f3 b5 11. b3 bxc4 12. bxc4 Ba6 13. Nd2 f4 14. Nd3 Nf5 15. Ne4
Nd4 16. Qa4 Nxe2+ 17. Kf2 Nxc1 18. Rfxc1 d6 19. Bh3 Bc8 20. Bxc8 fxg3+ 21. hxg3
Qxc8 22. Ke2 Nd7 23. Rc3 Nb6 24. Qc2 Qf5 25. Rf1 Rf7 26. Ra3 Bf8 27. g4 Qg6 28.
Rh1 Be7 29. Ne1 h6 30. Ng2 Bg5 31. Nh4 Bxh4 32. Rxh4 Raf8 33. Rb3 Rf4 34. Rh3
h5 35. g5 Qf5 36. Rxh5 Rxf3 37. Rh2 Qg4 38. Rxf3 Qxf3+ 39. Kd2 Nxc4+ 40. Qxc4
Qf4+ 0-1

[Event "Oberliga Ost A 2016 2017"]
[Site "Germany"]
[Date "2016.11.19"]
[Round "2.5"]
[White "Kesik, Klaus Dieter"]
[Black "Pietzsch, Manuel"]
[Result "1/2-1/2"]
[WhiteElo "2220"]
[BlackElo "2107"]
[PlyCount "48"]
[EventDate "2016.10.16"]
[EventType "team-tourn"]
[EventCountry "GER"]
[WhiteTeam "Hoyerswerda FVS ASP"]
[BlackTeam "Leipzig SG II"]
[WhiteTeamCountry "GER"]
[BlackTeamCountry "GER"]

1. d4 Nf6 2. Bg5 c5 3. Bxf6 gxf6 4. c3 Qb6 5. Qd2 Bh6 6. e3 d5 7. g3 Bf5 8. Bg2
e6 9. Ne2 Nc6 10. O-O Rc8 11. Na3 O-O 12. Rfd1 Rfd8 13. h3 cxd4 14. Nxd4 Nxd4
15. cxd4 Bf8 16. Rac1 Qb4 17. Qe2 Qa4 18. Qf3 Bxa3 19. bxa3 Qxa3 20. Rxc8 Rxc8
21. g4 Bc2 22. Re1 Qc3 23. Rc1 Qd2 24. Ra1 Qc3 1/2-1/2

[Event "Oberliga Ost A 2016 2017"]
[Site "Germany"]
[Date "2016.11.19"]
[Round "2.6"]
[White "Limpert, Michael"]
[Black "Graf, Roland"]
[Result "1-0"]
[WhiteElo "2223"]
[BlackElo "2140"]
[PlyCount "71"]
[EventDate "2016.10.16"]
[EventType "team-tourn"]
[EventCountry "GER"]
[WhiteTeam "Leipzig SG II"]
[BlackTeam "Hoyerswerda FVS ASP"]
[WhiteTeamCountry "GER"]
[BlackTeamCountry "GER"]

1. e4 e6 2. d4 d5 3. Nc3 Bb4 4. e5 Ne7 5. Bd2 b6 6. Bb5+ c6 7. Ba4 a5 8. a3
Bxc3 9. Bxc3 Ba6 10. Ne2 O-O 11. O-O Nd7 12. Re1 c5 13. b4 cxb4 14. axb4 Rc8
15. b5 Bb7 16. Bb2 Re8 17. c3 Ng6 18. Bc2 f6 19. f4 f5 20. g4 Qh4 21. gxf5 Nxf4
22. Nxf4 Qxf4 23. Qd3 exf5 24. Re2 g6 25. Rg2 Nxe5 26. dxe5 d4 27. Bb3+ Kg7 28.
Qxd4 Qxd4+ 29. cxd4 Bxg2 30. Kxg2 g5 31. Kf3 Kg6 32. Ke3 h5 33. h4 f4+ 34. Kf3
Kf5 35. hxg5 h4 36. Bd5 1-0

[Event "Oberliga Ost A 2016 2017"]
[Site "Germany"]
[Date "2016.11.19"]
[Round "2.7"]
[White "Boehm, Robert"]
[Black "Greger, Ubald"]
[Result "1/2-1/2"]
[WhiteElo "2133"]
[BlackElo "2079"]
[PlyCount "63"]
[EventDate "2016.10.16"]
[EventType "team-tourn"]
[EventCountry "GER"]
[WhiteTeam "Hoyerswerda FVS ASP"]
[BlackTeam "Leipzig SG II"]
[WhiteTeamCountry "GER"]
[BlackTeamCountry "GER"]

1. d4 d6 2. Nf3 Bg4 3. c4 Bxf3 4. exf3 c6 5. Nc3 e6 6. Be3 g6 7. Qd2 d5 8. Bd3
Bg7 9. Ne2 dxc4 10. Bxc4 Nd7 11. O-O Nb6 12. Bb3 Nd5 13. Rfd1 Nge7 14. Nc3 O-O
15. Nxd5 Nxd5 16. Rac1 Qd6 17. Bxd5 Qxd5 18. Qb4 Qd7 19. Rd3 a5 20. Qb6 Ra6 21.
Qc5 Bf6 22. Bg5 Bxg5 23. Qxg5 Rd8 24. h4 Rb6 25. b3 Rb5 26. Rc5 f6 27. Qc1 Rxc5
28. Qxc5 Qc7 29. Qc3 Rd5 30. Kf1 Qd6 31. Ke2 Kf7 32. g3 1/2-1/2